000 00822cam a22002531a 4500
001 g 01002214
003 DLC
005 20260227111257.0
008 820817s1899 gw b 000 0 ger
010 _ag 01002214
035 _a(OCoLC)8696528
040 _aDLC
_cGEU-T
_dGEU-T
_dDLC
041 0 _agergrc
042 _apremarc
050 0 0 _aBT871
_b.B7
100 1 _aBornhäuser, Karl Bernhard,
_d1868-1947.
245 1 4 _aDas Recht des Bekenntnisses zur Auferstehung des Fleisches /
_cvon Karl Bornhäuser.
260 _aGütersloh :
_bC. Bertelsmann,
_c1899.
300 _a67 p. ;
_c22 cm.
500 _aOriginally presented as the author's thesis (doctoral)--Universität Greifswald, 1899.
504 _aIncludes bibliographical references.
500 _aVita.
650 0 _aResurrection
_xHistory of doctrines.
999 _c23928
_d23928